00622cam a22002291 4500001001300000003000400013005001700017008004100034010001700075025002000092040001800112050002400130082001300154110004800167245003800215260003600253300002600289350001200315504002900327650001900356999001700375sa 68010062 DLC20260227112549.0710915s1968 ii b 000 0 eng  asa 68010062  aPL480:I-E-11000 aDLCcDLCdDLC00aKM524.A45bA85 196800a342.5/012 aAsian-African Legal Consultative Committee.10aConstitutions of Asian countries. aBombay,bN. M. Tripathi,c1968. aviii, 1171 p.c26 cm. aRs55.00 aIncludes bibliographies. 0aConstitutions. c83305d83305